00204 a2200097 450000500170000002000180001710000180003524500180005325000080007126000270007920251218135645.0 a9789365891034 aKanetkar Y.P. aLet Us Python a7th bBPB Publicationsc2019